000
00204 a2200097 4500
001
1398
100
_a
Ashmead, G.B
245
_a
Aircraft production methods
260
_a
_b
Chilton
_c
090
_c
947
_d
947
942
_a
NUST-CAE
_c
M
_c
36344
999
_c
236471
_d
236471